power rangers dino thunder characters - Statistics

General Stats
  • This quiz has been taken 731 times
    730 since last reset
  • The average score is 8 of 14
Answer Stats
Hint Answer % Correct
blue ranger ethan
87%
yellow ranger kira
87%
white ranger trent
87%
red ranger connor
85%
black ranger tommy oliver
80%
blue rangers zord triceratops
54%
red rangers zord trex
52%
the evil masters right hand woman elsa
48%
the rangers technical expect who helped build the zords hayley
46%
the evil master mesogog
46%
the evil masters cyborg zeltrax
44%
black rangers zord brachiosaurus
43%
white rangers zord drago
39%
yellow rangers zord pteranodon
13%
No matching quizzes found
Score Distribution
Percent of People with Each Score
Percentile by Number Answered
Your Score History
You have not taken this quiz since the last reset